000 01188cam a22003375a 4500
001 14901874
003 EG-ScBUE
005 20220531112428.0
008 070625t2008 nyua f b 001 0 eng d
020 _a9780764137365 (alk. paper)
020 _a0764137360 (alk. paper)
040 _aDLC
_beng
_erda
_cDLC
_dDLC
_dEG-ScBUE
082 0 4 _a428.24
_222
_bLAC
100 1 _aLacie, Christina,
_eauthor.
_939802
245 1 0 _aBarron's English for foreign language speakers :
_bthe easy way /
_cChristina Lacie.
246 3 0 _aEnglish for foreign language speakers
264 1 _aNew York :
_bBarron's Educational Series,
_c[2008]
264 4 _cc2008
300 _avii, 459 pages :
_billustrations ;
_c28 cm.
336 _2rdacontent
_atext
_btxt
337 _2rdamedia
_aunmediated
_bn
338 _2rdacarrier
_avolume
_bnc
490 0 _aBarron's Educational series
504 _aIncludes bibliographical references and index.
650 7 _aEnglish language
_vTextbooks for foreign speakers.
_2BUEsh
_943
650 7 _aEnglish language
_xExaminations
_vStudy guides.
_2BUEsh
_92391
651 _2BUEsh
653 _cApril2016
_bHHUUEENN
655 _vReading book
_934232
942 _2ddc
_cBB
999 _c21607
_d21579